000 01458nam a2200373 c 4500
003 BLK
005 20180422101853.0
008 180408b bul|||||r ||||||| ||bul||
010 _aKNG00059039000
020 _a954-446-822-6
_bиздат.: Егмонт България
040 _aBLK
041 _aBUL
_cBUL
080 _aХраносмилане. Хранене
_b612.3
_x:087.5
_z612.3:087.5
100 1 _aАрнолд, Ник
_eпърви автор
_9273999
700 1 _aВитанова, Ирена Тодорова
_eпрев.
_9367104
700 1 _aДе Сол, Тони
_eил.
_9274000
139 _aАрнолд, Ник
_bА 87
245 1 0 _aГадното храносмилане
_cНик Арнолд; прев. Ирена Тодорова Витанова; ил. Тони Де Сол.
257 _aGBR
260 София
_bЕгмонт България
_c2005
_fСофия : Балкан прес
300 _a156 с.
_bс ил.
_c20 см
380 _aDN
490 1 _aСтраховитото в науката
500 _aОриг. загл. Horible science : Disgusting digestion / Nick Arnold
650 4 _aХраносмилане
_9176898
653 _aхраносмилателна система
653 _aхранене на човека
653 _aфизиология
852 _aЦб 226915
856 4 _qpdf
_u
856 4 _qpdf
_u
942 _cKNG
_n0
_01
944 _aCR
_c27.03.2006
_kЦветанка_Енчева
944 _aED
_c02.08.2006
_k
999 _c55074
_d55074